|
|
|
|
| LEADER |
01383nam a2200301 a 4500 |
| 001 |
4471844 |
| 008 |
091011s1996 dcu b i000 0 eng d |
| 010 |
|
|
|a 96032183
|
| 020 |
|
|
|a 0821337076
|
| 022 |
|
|
|a 0259210x
|
| 040 |
|
|
|a DLC
|c DLC
|d DLC
|
| 082 |
0 |
0 |
|a 363.9/6/095492
|2 20
|
| 100 |
1 |
|
|a Khandker, Shahidur R.
|
| 245 |
1 |
4 |
|a The role of family planning and targeted credit programs in demographic change in Bangladesh /
|c Shahidur R. Khandker, M. Abdul Latif.
|
| 260 |
|
|
|a Washington, D.C. :
|b World Bank,
|c c1996.
|
| 300 |
|
|
|a vii, 32 p. ;
|c 28 cm.
|
| 490 |
1 |
|
|a World Bank discussion paper,
|x 0259-210X ;
|v no. 337
|
| 504 |
|
|
|a Includes bibliographical references (p. 31-32).
|
| 541 |
1 |
|
|e 00006170
|
| 650 |
|
0 |
|a Fertility, Human
|z Bangladesh.
|
| 650 |
|
0 |
|a Rural credit
|z Bangladesh.
|
| 650 |
|
0 |
|a Family planning
|z Bangladesh.
|
| 700 |
1 |
|
|a Latif, Muhammad Abdul.
|
| 830 |
0 |
|
|a World Bank discussion papers ;
|v 337.
|
| 852 |
4 |
|
|a Ayesha Abed Library
|j General Shelf.
|
| 999 |
|
|
|c 4417
|d 4417
|
| 952 |
|
|
|0 0
|1 0
|2 ddc
|4 0
|6 363_960954920000000_KHA_1996
|7 0
|9 4126
|a BRACUL
|b BRACUL
|c GEN
|d 2009-10-11
|g 752.00
|l 0
|o 363.96095492 KHA
|p 3010006170
|r 2009-10-11
|t 1
|v 1504.00
|w 2009-10-11
|y BK
|
| 952 |
|
|
|0 0
|1 0
|2 ddc
|4 0
|6 363_960954920000000_KHA_1996
|7 0
|9 4127
|a BRACUL
|b BRACUL
|c GEN
|d 2009-10-11
|g 0.00
|l 0
|o 363.96095492 KHA
|p 3010007175
|r 2009-10-11
|t 2
|w 2009-10-11
|y BK
|x No price found in the accession register.
|